|
|
|
|
| LEADER |
00000Cam#a2200000#a#4500 |
| 001 |
008469 |
| 003 |
AR-BeUNQ |
| 005 |
20190508115533.0 |
| 008 |
101001s2001####ag##################spa#d |
| 999 |
|
|
|c 1120
|d 76507
|
| 040 |
|
|
|a AR-beUNQ
|e aacr
|
| 082 |
0 |
4 |
|a 660.6
|2 21
|
| 099 |
|
|
|a 24-P17
|
| 100 |
1 |
|
|a Paolazzi, Claudio Carlos
|
| 245 |
0 |
2 |
|a Cinética de crecimiento de células de mamíferos sobre microcarriers, en sistemas de alimentación batch y semicontinuo /
|c Claudio Carlos Paolazzi.
|
| 260 |
|
|
|c 2001
|
| 300 |
|
|
|a 231 h. :
|b il., tablas, gráficos ;
|c 30 cm
|
| 500 |
|
|
|a Director de tesis: Hugo Alberto Massaldi
|
| 500 |
|
|
|a Trabajo de tesis presentado para la obtención del grado de Magíster en Biología Molecular (UNSAM)
|
| 502 |
|
|
|a Tesis (maestría) -- Universidad Nacional de San Martín, ANLis Dr. Carlos Malbrán, 2001
|
| 504 |
|
|
|a Incluye referencias bibliográficas
|
| 650 |
|
7 |
|a Biotecnología
|2 spines
|
| 650 |
|
7 |
|a Cultivo celular
|2 spines
|
| 650 |
|
7 |
|a Métodos analíticos
|2 spines
|
| 655 |
|
4 |
|a Tesis de maestría
|
| 700 |
1 |
|
|a Massaldi, Hugo Alberto
|e dir
|4 ths
|
| 710 |
2 |
|
|a Universidad Nacional de San Martín
|
| 929 |
|
|
|a DONACION
|b Alberto Díaz
|d 4,00E
|e 20020318
|f patrimonio
|j 31753
|
| 942 |
|
|
|c TM
|n 0
|